00325nam a2200121Ia 4500008004100000082001600041100001800057245002800075260003800103365000600141630002800147730002800175100415s9999 xx 000 0 und d b1244a581.5 aAllen , Grant aThe story of the plants aLONDONc1895bGEORGE NEWNES, LTD. b0 aThe story of the plants aThe story of the plants